[Event "BL2-O9293"]
[Site "Germany"]
[Date "1993.??.??"]
[Round "?"]
[White "Goetz, Ralph"]
[Black "Stettler, Michael"]
[Result "1/2-1/2"]
[WhiteElo "2340"]
[BlackElo "2365"]

1.d4 Nf6 2.c4 e6 3.g3 c5 4.Nf3 cxd4 5.Nxd4 Bb4+ 6.Bd2 Qb6 7.Bg2 Nc6 8.Nb3 d5
9.cxd5 Nxd5 10.O-O Bxd2 11.N1xd2 O-O 12.Nc4 Qb4 13.Qc2 Bd7 14.e4 Nb6 15.Nxb6  1/2-1/2

[Event "Graz op"]
[Site "Graz"]
[Date "1993.??.??"]
[Round "5"]
[White "Kiss, Attila"]
[Black "Podlesnik, Bogdan"]
[Result "1/2-1/2"]
[WhiteElo "2365"]
[BlackElo "2380"]

1.d4 Nf6 2.c4 e6 3.g3 c5 4.Nf3 cxd4 5.Nxd4 Bb4+ 6.Bd2 Qb6 7.Bxb4 Qxb4+ 8.Nc3 Qxb2
9.Ncb5 Qb4+ 10.Qd2 Qxd2+ 11.Kxd2 Kd8 12.Bg2 Ne8 13.Rab1 Nc6 14.e3 a6 15.Nc3 Kc7
16.Na4 d6 17.Nb6 Rb8 18.Rhc1 Nf6 19.Nd5+ exd5 20.cxd5 Nxd5 21.Bxd5 Bd7 22.Rb2 Rhc8
23.f4 f6 24.Kd3 Ra8 25.Rc3 Ra7 26.Rbc2 Kb6 27.Rb2+ Kc7  1/2-1/2

[Event "Gyula"]
[Site "Gyula"]
[Date "1993.??.??"]
[Round "6"]
[White "Sidorov, Anatoly"]
[Black "Kakuk, Sandor"]
[Result "1-0"]
[WhiteElo "2390"]
[BlackElo "2295"]

1.d4 Nf6 2.g3 e6 3.c4 c5 4.d5 exd5 5.cxd5 d6 6.Nc3 g6 7.Bg2 Bg7 8.Nf3 O-O
9.O-O Re8 10.Nd2 Bd7 11.Qb3 Qc7 12.Nc4 Na6 13.Bf4 Bf8 14.e4 Rab8 15.a4 Nb4
16.Rad1 Ng4 17.Nb5 Bxb5 18.axb5 Rbd8 19.f3 Nf6 20.Bh3 Nd7 21.Bg5 Ra8 22.Bd2 a5
23.Ra1 Nb6 24.Nxb6 Qxb6 25.Qc4 Bg7 26.Bc1 a4 27.Rd1 Ra5 28.Bf1 Rea8 29.Ra3 Qd8
30.Kh1 Qe7 31.f4 b6 32.Re3 R5a7 33.Bg2 Rd8 34.Bf3 Ra5 35.Bg2 Qd7 36.Bf1 Re8
37.Ree1 Qg4 38.Kg2 Ra7 39.h3 Qc8 40.Kh2 Rae7 41.Bg2 Kh8 42.h4 Qd7 43.Re2 Qb7
44.Rde1 Qxd5 45.exd5  1-0

[Event "Hastings op9394"]
[Site "Hastings"]
[Date "1993.??.??"]
[Round "?"]
[White "Sherbakov, Ruslan"]
[Black "Emms, John M"]
[Result "1-0"]
[WhiteElo "2570"]
[BlackElo "2450"]

1.d4 Nf6 2.c4 e6 3.g3 c5 4.d5 exd5 5.cxd5 d6 6.Nc3 g6 7.Bg2 Bg7 8.Nf3 O-O
9.O-O Na6 10.Nd2 Nc7 11.Nc4 Nfe8 12.a4 b6 13.Qc2 f5 14.Bd2 Bb7 15.Rad1 Qd7
16.Bf4 Rd8 17.Rfe1 Qf7 18.Qd2 Ba6 19.b3 Bb7 20.Nb1 Bd4 21.e3 Bg7 22.h4 Rd7
23.Qd3 Bf6 24.Re2 Ba8 25.Bh6 Ng7 26.Nba3 Re8 27.Red2 Ree7 28.Nc2 Bb7 29.b4 Na6
30.b5 Nb4 31.Nxb4 cxb4 32.Bg5 Re8 33.Bxf6 Qxf6 34.Rb1 Qc3 35.Rb3 Qa1+ 36.Qb1 Qxb1+
37.Rxb1 Nh5 38.Rxb4 Nf6 39.Rd4 Rc8 40.Rb2 Rc5 41.Rbd2 Kf7 42.Bf3 Bxd5 43.Bxd5+ Nxd5
44.Kg2 Ke7 45.Kf3 Rdc7 46.h5 Rxc4 47.Rxd5 Rd7 48.R2d4 Rxd4 49.Rxd4 Rc7 50.Kf4 Rc2
51.f3 Rc3 52.h6 Ke6 53.g4 fxg4 54.Re4+ Kf6 55.Kxg4 d5 56.Re8 Rc4+ 57.f4 Rxa4
58.Rf8+ Ke6 59.Rh8 Ra1 60.Rxh7 Kf6 61.Rd7 Rg1+ 62.Kf3 Rh1 63.h7 g5 64.fxg5+ Kxg5
65.Rxd5+ Kg6 66.Rd7  1-0

[Event "Herzliya"]
[Site "Herzliya"]
[Date "1993.??.??"]
[Round "9"]
[White "Boensch, Uwe"]
[Black "Gruenfeld, Yehuda"]
[Result "0-1"]
[WhiteElo "2525"]
[BlackElo "2535"]

1.d4 Nf6 2.c4 e6 3.g3 c5 4.d5 exd5 5.cxd5 d6 6.Bg2 g6 7.Nf3 Bg7 8.O-O O-O
9.Nc3 a6 10.a4 Nbd7 11.h3 Rb8 12.Bf4 Qe7 13.a5 b5 14.axb6 Nxb6 15.e4 Nfd7
16.Rc1 Nc4 17.b3 Nce5 18.Nxe5 Nxe5 19.Be3 c4 20.bxc4 Nxc4 21.Bd4 Nb2 22.Qd2 Bxd4
23.Qxd4 a5 24.Nd1 Rb4 25.Qc3 Na4 26.Qa1 Qd8 27.Ne3 Nc5 28.Rxc5 dxc5 29.Rc1 a4
30.e5 Qb6 31.e6 Rd4 32.Nc4 Qa6 33.e7 Re8 34.d6 Be6 35.Rd1 a3 36.Rxd4 cxd4
37.Bd5 Bd7 38.Qa2 Kg7 39.Bxf7 Rc8 40.Kh2 Qb5 41.Nxa3 Qe5 42.Nc4 Qe4 43.Qa7 Qf5
44.Qxd4+ Kxf7 45.g4 Qc5 46.Qf4+ Kg8 47.Nd2 g5 48.Qf6 Qd5 49.Nf3 Bc6 50.Kg3 Qd3
51.Qxg5+ Kf7 52.Qf5+ Qxf5 53.gxf5 Bxf3 54.Kxf3 Rc6  0-1

[Event "HUN-chT2"]
[Site "HUN"]
[Date "1993.??.??"]
[Round "?"]
[White "Korpics, Zsolt"]
[Black "Pacsay, Laszlo"]
[Result "1/2-1/2"]
[WhiteElo "2320"]
[BlackElo "2280"]

1.d4 Nf6 2.c4 e6 3.g3 c5 4.d5 exd5 5.cxd5 d6 6.Nc3 g6 7.Bg2 Bg7 8.Nf3 O-O
9.O-O Re8 10.Nd2 Nbd7 11.h3 a6 12.a4 Rb8 13.Nc4 Nb6 14.Na3 Bd7 15.a5 Nc8
16.Nc4 Bb5 17.Qb3 Bxc4 18.Qxc4 Re7 19.Qh4 Ne8 20.Bh6 b5 21.axb6 Rxb6 22.Bxg7 Kxg7
23.Qc4  1/2-1/2

[Event "Katowice op"]
[Site "Katowice"]
[Date "1993.??.??"]
[Round "5"]
[White "Urban, Klaudiusz"]
[Black "Sarkozy, Ladislav"]
[Result "0-1"]
[WhiteElo "2450"]
[BlackElo "2320"]

1.d4 Nf6 2.c4 e6 3.g3 c5 4.d5 exd5 5.cxd5 d6 6.Nc3 g6 7.Bg2 Bg7 8.Nf3 O-O
9.O-O Re8 10.Bf4 a6 11.a4 Bf8 12.h3 Nbd7 13.Re1 Rb8 14.e4 b5 15.axb5 axb5
16.e5 b4 17.Nb1 dxe5 18.Nxe5 Nxe5 19.Rxe5 Bd6 20.Rxe8+ Nxe8 21.Be3 Ng7 22.Qc1 Nf5
23.Bxc5 Qc7 24.Be3 Nxe3 25.Qxe3 Qc2 26.Nd2 Qxb2 27.Ra7 Qe5 28.Ne4 Kg7 29.Nxd6 Qxd6
30.Qb3 Rb7 31.Ra2 Rb6 32.Rc2 Bb7 33.Rc4 Ba6 34.Rc6 Rxc6 35.dxc6 Qc5 36.Bd5 Qc1+
37.Kh2 Qf1 38.Qb2+ f6 39.c7 Qd3 40.Qxb4 Qxd5 41.Qe7+ Qf7 42.Qd8 Qe6 43.h4 Bc8
44.Kg2 Qd7 45.f3 f5 46.Kf2 Kf7 47.Ke3 Ke6 48.Kf4 h6 49.Qg8+ Kd6 50.Qxg6+ Kxc7
51.g4 Qd4+ 52.Kg3 Qd6+ 53.Qxd6+ Kxd6 54.Kf4 Ke6 55.g5 h5 56.Ke3 Ke5 57.f4+ Kd5
58.Kd3 Be6  0-1

[Event "Katowice op"]
[Site "Katowice"]
[Date "1993.??.??"]
[Round "7"]
[White "Ryskin, Alexander"]
[Black "Anastasian, Ashot"]
[Result "1/2-1/2"]
[WhiteElo "2505"]
[BlackElo "2470"]

1.d4 Nf6 2.c4 e6 3.g3 c5 4.Nf3 cxd4 5.Nxd4 a6 6.Bg2 Qc7 7.b3 Nc6 8.Bb2 Bb4+
9.Nd2 O-O 10.O-O Be7 11.Ne4 Ne8 12.Rc1 d6 13.Nc3 Nxd4 14.Qxd4 Rb8 15.Rfd1 Nf6
16.Ne4 Rd8 17.Qa7 Nxe4 18.Bxe4 Bd7 19.Bd4 Qc8 20.a4 Bc6 21.Bxc6 Qxc6 22.Bc3 Bg5
23.Bd2 Bf6 24.Bc3 Bg5 25.Bd2 Bf6 26.Ba5 Ra8 27.Qe3 Rd7 28.Bc3 Bxc3 29.Rxc3 Rad8
30.Rcd3 h6 31.a5 d5 32.cxd5  1/2-1/2

[Event "Las Palmas3"]
[Site "Las Palmas"]
[Date "1993.??.??"]
[Round "4"]
[White "Ulibin, Mikhail"]
[Black "Izeta Txabarri, Felix"]
[Result "0-1"]
[WhiteElo "2560"]
[BlackElo "2510"]

1.d4 Nf6 2.c4 e6 3.g3 c5 4.d5 exd5 5.cxd5 b5 6.Bg2 Bb7 7.e4 d6 8.Nf3 g6 9.O-O Bg7
10.e5 dxe5 11.Nxe5 O-O 12.Nc6 Qb6 13.Ne7+ Kh8 14.Nc3 Nbd7 15.Be3 Rad8 16.a4 Rfe8
17.a5 Qa6 18.Nc6 Rc8 19.Nxb5 Qxb5 20.Nxa7 Qa6 21.Nxc8 Rxc8 22.b3 Qa8 23.a6 Bxd5
24.f3 Rc6 25.a7 Rc7 26.b4 Rxa7 27.bxc5 Rxa1 28.Qxa1 Qc6 29.Bd4 h6 30.Qc3 Kh7
31.Rc1 Ne8 32.Rd1 Bxd4+ 33.Qxd4 Nc7 34.Rd3 Nxc5 35.Re3 N7e6 36.Qf6 Qb7 37.h4 h5
38.Kh2 Kg8 39.Bh3 Nd7 40.Qc3 Ndf8 41.Bf1 Ng7 42.Bc4 Bxc4 43.Qxc4 Nf5 44.Qe4 Qa7
45.Re2 Ne6 46.Qd5 Kh7 47.Qe4 Ned4 48.Rd2 Qc7 49.f4 Qc3 50.Rd3 Qc2+  0-1

[Event "Mar del Plata op"]
[Site "Mar del Plata"]
[Date "1993.??.??"]
[Round "5"]
[White "Mondaca, Omar"]
[Black "Vasta, Eduardo"]
[Result "0-1"]
[WhiteElo "2160"]
[BlackElo "2395"]

1.d4 Nf6 2.c4 e6 3.g3 c5 4.d5 exd5 5.cxd5 d6 6.Nc3 g6 7.Bg2 Bg7 8.Nf3 O-O
9.O-O a6 10.a4 Nbd7 11.Bf4 Qe7 12.h3 h6 13.Qc1 Kh7 14.Qc2 Nh5 15.Bd2 f5 16.e3 Nhf6
17.Rfe1 Ne4 18.Nxe4 fxe4 19.Nh2 Nf6 20.Bc3 Re8 21.Red1 b6 22.Rd2 h5 23.Qd1 Bf5
24.g4 hxg4 25.hxg4 Bd7 26.Bf1 Rh8 27.Be2 Kg8 28.Qf1 Rh4 29.Qg2 Kf7 30.g5 Nh7
31.f4 exf3 32.Qxf3+ Kg8 33.Bf6 Nxf6 34.gxf6 Qxf6 35.Qxf6 Bxf6 36.Bd3 Bg5
37.Nf1 Bh3 38.Rh2 Kg7 39.Re1 Rf8 40.e4 Bf6  0-1

[Event "Nikolaev zt"]
[Site "Nikolaev"]
[Date "1993.??.??"]
[Round "?"]
[White "Tukmakov, Vladimir B"]
[Black "Brodsky, Michail"]
[Result "1/2-1/2"]
[WhiteElo "2605"]
[BlackElo "2520"]

1.d4 Nf6 2.c4 e6 3.g3 c5 4.Nf3 cxd4 5.Nxd4 Bc5 6.Bg2 Qb6 7.e3 Nc6 8.Nb3 Bb4+
9.N3d2 d5 10.O-O O-O 11.a3 Be7 12.Nc3 Rd8 13.b4 a5 14.b5 Ne5 15.Qb3 Nxc4
16.Nxc4 dxc4 17.Qxc4 Bd7 18.Rb1 Rac8 19.Qb3 e5 20.Nd5 Nxd5 21.Bxd5 Be6 22.Bxe6 Qxe6  1/2-1/2

[Event "Nikolaev zt"]
[Site "Nikolaev"]
[Date "1993.??.??"]
[Round "?"]
[White "Ryskin, Alexander"]
[Black "Savon, Vladimir A"]
[Result "1/2-1/2"]
[WhiteElo "2505"]
[BlackElo "2415"]

1.d4 Nf6 2.c4 e6 3.g3 c5 4.Nf3 cxd4 5.Nxd4 Qb6 6.Nc3 Nc6 7.Ndb5 Bc5 8.Nd6+ Ke7
9.Nde4 Nxe4 10.Nxe4 Bb4+ 11.Bd2 Bxd2+ 12.Qxd2 Qb4 13.Rd1 Qxd2+ 14.Rxd2 b6
15.Bg2 Bb7 16.Nd6 Rab8 17.O-O Na5 18.e4 Bc6 19.e5 Rhd8 20.Rfd1 Nb7 21.Ne4 Rbc8
22.Rd4 h6 23.b4 Bxe4 24.Bxe4 Rc7 25.a3 Rdc8 26.Bc2 Rd8 27.Ba4 d6 28.f4 dxe5
29.fxe5 Rxd4 30.Rxd4 Nd8 31.Kf2 Nc6 32.Re4 a5 33.Bxc6 Rxc6 34.Ke3 axb4 35.axb4 Rc7
36.Rg4 g5 37.Rd4 f6 38.exf6+ Kxf6 39.Kd3 Ke5 40.Rd8 Ra7 41.Rb8 Ra3+ 42.Kc2 Kd4
43.Rxb6 Kxc4 44.Rxe6 Ra2+ 45.Kd1 Rxh2 46.Ke1  1/2-1/2

[Event "Nis op"]
[Site "Nis"]
[Date "1993.??.??"]
[Round "?"]
[White "Lazic, Miroljub"]
[Black "Jacimovic, Dragoljub"]
[Result "1-0"]
[WhiteElo "2465"]
[BlackElo "2375"]

1.d4 Nf6 2.g3 e6 3.c4 c5 4.Nf3 cxd4 5.Nxd4 a6 6.Bg2 Qc7 7.b3 Bb4+ 8.Bd2 Be7
9.Nc3 O-O 10.Rc1 d6 11.O-O Nbd7 12.e3 Re8 13.Qe2 Nf8 14.f4 Bd7 15.Qf3 Rab8
16.g4 Rec8 17.g5 Ne8 18.f5 Bc6 19.Nxc6 Qxc6 20.Qf2 Qd7 21.fxe6 Qxe6 22.Bd5  1-0

[Event "Odorheiu Secuiesc"]
[Site "Odorheiu Secuiesc"]
[Date "1993.??.??"]
[Round "7"]
[White "Marin, Mihail"]
[Black "Sax, Gyula"]
[Result "1/2-1/2"]
[WhiteElo "2515"]
[BlackElo "2570"]

1.d4 Nf6 2.c4 e6 3.g3 c5 4.d5 exd5 5.cxd5 d6 6.Nc3 g6 7.Nf3 Bg7 8.Bg2 O-O
9.O-O Re8 10.Nd2 a6 11.a4 Nbd7 12.Nc4 Ne5 13.Na3 Nh5 14.Rb1 Bf5 15.e4 Bd7
16.b4 cxb4 17.Rxb4 Qa5 18.Na2 b5 19.Be3 Rac8 20.Bd4 f5 21.f4 Ng4 22.h3 Bxd4+
23.Qxd4 Nxg3 24.Re1 fxe4 25.hxg4 Bxg4 26.Qf2 Nf5 27.Rexe4 Rxe4 28.Rxe4 bxa4
29.Nb4 Rc3 30.Nc6 Rc1+ 31.Kh2 Qc3 32.Ne7+ Nxe7 33.Rxe7 Qf6 34.Re4 g5 35.Kg3 Bf5
36.Re3 Qg6 37.fxg5 Qxg5+ 38.Kh2 Qh5+ 39.Bh3 Bxh3 40.Rxh3 Rh1+ 41.Kxh1 Qxh3+
42.Qh2 Qxa3 43.Qg3+  1/2-1/2

[Event "Pardubice op"]
[Site "Pardubice"]
[Date "1993.??.??"]
[Round "1"]
[White "Krasenkova, Ilena"]
[Black "Donchev, Dimitar I"]
[Result "0-1"]
[WhiteElo "2250"]
[BlackElo "2485"]

1.d4 Nf6 2.c4 e6 3.g3 c5 4.Nf3 cxd4 5.Nxd4 Qc7 6.Qb3 a6 7.Bg2 Nc6 8.Nxc6 dxc6
9.Nc3 e5 10.Be3 Be7 11.O-O O-O 12.a4 a5 13.Rad1 Be6 14.f4 Ng4 15.Bb6 Bxc4
16.Bxc7 Bxb3 17.Rd7 Bc5+ 18.Kh1 Nf2+ 19.Rxf2 Bxf2 20.Bxe5 f6 21.Rxb7 fxe5
22.Rxb3 Rab8 23.Bxc6 Rxb3 24.Bd5+ Kh8 25.Bxb3 exf4 26.Ne4 fxg3 27.hxg3 Bd4
28.Bc4 Bxb2 29.Ng5 g6 30.Kg2 Rc8 31.Bd3 Rc1 32.Kf3 Ra1 33.Bb5 Ra3+ 34.Kg2 Kg7
35.Ne4 Be5 36.g4 h5 37.gxh5 gxh5 38.Nc5 Rg3+ 39.Kf2 h4 40.Nd3 Bd4+  0-1

[Event "Pardubice op"]
[Site "Pardubice"]
[Date "1993.??.??"]
[Round "6"]
[White "Grabuzova, Tatiana"]
[Black "Totsky, Leonid"]
[Result "1/2-1/2"]
[WhiteElo "2275"]
[BlackElo "2430"]

1.d4 Nf6 2.c4 e6 3.g3 c5 4.d5 exd5 5.cxd5 d6 6.Bg2 g6 7.e4 Bg7 8.Ne2 O-O
9.O-O Re8 10.Nbc3 b5 11.Nxb5 Nxe4 12.Bxe4 Rxe4 13.Nec3 Re8 14.Bf4 Bf8 15.Re1 Rxe1+
16.Qxe1 a6 17.Na3 Nd7 18.Nc4 Nb6 19.Nxb6 Qxb6 20.Ne4 Qxb2 21.Nxd6 Bh3 22.Be5 Qa3
23.Ne4 Bg7 24.Bc3 h6 25.Qe3 Bf5 26.Nf6+ Bxf6 27.Bxf6 Qxe3 28.fxe3 Kf8 29.d6 Ke8
30.e4 Be6 31.Rb1 Kd7 32.e5 Kc6 33.Rb2 c4 34.Rc2 Rb8 35.Kf2 Kc5 36.Be7 Bd7
37.Ke3 Kd5 38.Bf6 Rb7 39.Rd2+ Kc5 40.Rc2 a5 41.Bd8 a4 42.Ba5 a3 43.Bc3 Bf5
44.Rf2 h5 45.Rd2 Be6 46.Ke4 Kc6 47.Kd4 Rb1 48.Rf2 g5 49.Rd2 h4 50.gxh4 gxh4
51.Rf2 h3 52.Rd2 Kb5 53.Rf2 Rd1+ 54.Rd2 Rf1 55.Ke3 Re1+ 56.Re2 Rc1 57.Kd4 Bd7
58.Rf2 Be6 59.Bd2 Rc2 60.Be3 Rxf2  1/2-1/2

[Event "Policka (Women)"]
[Site "Policka"]
[Date "1993.??.??"]
[Round "7"]
[White "Grabuzova, Tatiana"]
[Black "Saljova, Silvie"]
[Result "1/2-1/2"]
[WhiteElo "2275"]
[BlackElo "2085"]

1.d4 Nf6 2.c4 e6 3.g3 c5 4.d5 exd5 5.cxd5 d6 6.Bg2 g6 7.e4 Bg7 8.Ne2 O-O
9.O-O Ne8 10.Nbc3 f5 11.Nf4 fxe4 12.Bxe4 Nf6 13.Bg2 Na6 14.Ne6 Bxe6 15.dxe6 Qe7
16.Bg5 Nc7 17.Re1 Rad8 18.Bxb7 Rb8 19.Bd5 Rxb2 20.Bb3 Rxf2 21.Ne4 Rf5 22.Qxd6 Re8
23.Nxf6+ Bxf6 24.Qxe7 Rxe7 25.Bxf6 Rxf6 26.Rac1 Rf5 27.Re4 h5 28.h3 Nb5 29.g4 hxg4
30.hxg4 Rg5 31.Rd1 Nc3 32.Rd8+ Kg7 33.Rd7 Nxe4 34.Rxe7+ Kf6 35.Rxa7 Rxg4+
36.Kh2 Nd2 37.Bd5 Nf1+ 38.Kh1 Ng3+ 39.Kg2 Nf5+ 40.Kf2 Rd4 41.Rd7 Kg5 42.Bb3 Re4
43.Rc7 Re5 44.Bc4 Nd6 45.e7 Kf6 46.Bd3  1/2-1/2

[Event "Porz op29"]
[Site "Porz"]
[Date "1993.??.??"]
[Round "1"]
[White "Winkler, Thorsten"]
[Black "Brodsky, Michail"]
[Result "0-1"]
[WhiteElo "1800"]
[BlackElo "2515"]

1.d4 Nf6 2.c4 e6 3.g3 c5 4.Nf3 cxd4 5.Nxd4 Qb6 6.Bg2 Bc5 7.e3 Nc6 8.Nc2 d5
9.O-O O-O 10.Qe2 Qa6 11.Nd2 e5 12.a3 dxc4 13.Qxc4 Qxc4 14.Nxc4 Be6 15.b3 Bf5
16.Ra2 Rfe8 17.Re1 Bd3 18.Na1 e4 19.Rd2 Bxc4 20.bxc4 Ne5 21.Nb3 Bf8 22.Rc2 Nd3
23.Rd1 Nxc1 24.Rcxc1 Bxa3 25.Ra1 Bf8 26.Ra5 a6 27.Kf1 b6 28.Ra2 a5 29.c5 a4  0-1

[Event "ISD-FRA"]
[Site "Reykjavik"]
[Date "1993.??.??"]
[Round "8"]
[White "Bricard, Emmanuel"]
[Black "Olafsson, Helgi"]
[Result "1-0"]
[WhiteElo "2460"]
[BlackElo "2270"]

1.d4 Nf6 2.c4 e6 3.g3 c5 4.Nf3 cxd4 5.Nxd4 Qb6 6.Bg2 Bc5 7.e3 Nc6 8.O-O Nxd4
9.exd4 Bxd4 10.Nc3 O-O 11.Na4 Qd6 12.Bf4 e5 13.Be3 Qb4 14.Bxd4 exd4 15.b3 d5
16.a3 Qa5 17.cxd5 Nxd5 18.Qxd4 Rd8 19.Qc5 Qxc5 20.Nxc5 b6 21.Rad1 Be6 22.Nxe6 fxe6
23.Rfe1 Kf7 24.Re5 Rac8 25.Bh3 Nc7 26.Rc1 Rd6 27.Re3 Ke7 28.Rec3 Kd8 29.Bg4 b5
30.b4 Kd7 31.Kf1 Rb6 32.Ke2 Rd6 33.Rc5 Ra6 34.R1c3 Rd6 35.f4 g6 36.h4 Kd8
37.Kf3 h5 38.Bh3 Kd7 39.Bf1 Rd5 40.Rc6 a6 41.Bh3 Rd3+ 42.Rxd3+ Kxc6 43.Ke4 a5
44.Ke5 axb4 45.axb4 Re8 46.Rd6+ Kb7 47.Bg2+ Kc8 48.Be4 Rg8 49.Rb6 Kd7 50.Bc6+ Kc8
51.Bxb5 Rd8 52.Bc4  1-0

[Event "Rostov op"]
[Site "Rostov"]
[Date "1993.??.??"]
[Round "?"]
[White "Shumiakina, Tatiana"]
[Black "Aseev, Konstantin N"]
[Result "0-1"]
[WhiteElo "2305"]
[BlackElo "2515"]

1.d4 Nf6 2.c4 e6 3.g3 c5 4.d5 exd5 5.cxd5 b5 6.Bg2 d6 7.a4 b4 8.Nd2 Nbd7
9.b3 g6 10.Bb2 Bg7 11.Nc4 Nb6 12.e4 Nxc4 13.bxc4 O-O 14.Ne2 Re8 15.f3 Nxd5
16.Bxg7 Ne3 17.Qd2 Nxg2+ 18.Kf2 Kxg7 19.Kxg2 Be6 20.Rac1 Rb8 21.h4 h5 22.Qb2+ Qf6
23.Qb3 Qe5 24.Nf4 f5 25.Rhe1 Bf7 26.Rcd1 Qc3 27.Qxc3+ bxc3 28.Rc1 Rb2+ 29.Kg1 fxe4
30.fxe4 c2 31.Re2 Bxc4 32.Rexc2 Rxc2 33.Rxc2 Rxe4 34.Rd2 Rd4 35.Rb2 Bf7 36.Rb7 Rxa4
37.Rd7 Ra1+ 38.Kf2 Ra2+ 39.Kf3 Ra3+ 40.Kf2 Ra6 41.Nd3 Ra2+ 42.Ke3 Ra3 43.Kf2 a5
44.Nf4 a4 45.Ne6+ Kf6 46.Ng5 Bd5 47.Rxd6+ Ke5 48.Rxg6 Ra1 49.Nh3 a3 50.Nf4 Bc4  0-1

[Event "ARG-chJ"]
[Site "San Jorge"]
[Date "1993.??.??"]
[Round "4"]
[White "Pizarro, Pablo"]
[Black "Bonaveri, Agustin"]
[Result "1-0"]
[WhiteElo "2050"]
[BlackElo "2180"]

1.d4 Nf6 2.c4 e6 3.g3 c5 4.d5 exd5 5.cxd5 d6 6.Nc3 g6 7.Bg2 Bg7 8.Nf3 O-O
9.O-O Na6 10.Nd2 Nc7 11.a4 b6 12.Nc4 Ba6 13.Qb3 Qd7 14.Bf4 Nh5 15.Bd2 f5
16.e4 f4 17.Bf3 fxg3 18.fxg3 Qh3 19.Ne2 Bxc4 20.Qxc4 Bxb2 21.Rab1 Be5 22.Bg2 Rxf1+
23.Rxf1 Qg4 24.Bh6 Re8 25.Bf3 Qh3 26.Bg2 Qg4 27.Bf3 Qh3 28.Bg2 Qg4 29.Kh1 Qd7
30.Ng1 a6 31.Bh3 Qe7 32.Nf3 b5 33.axb5 axb5 34.Qc2 Bg7 35.Bxg7 Nxg7 36.Re1 Qf6
37.Bg2 b4 38.e5 Qe7 39.Qc4 Nf5 40.g4 Nh4 41.exd6 Qxd6 42.Rxe8+ Nxe8 43.Nxh4 Nf6
44.Nf3 Qxd5 45.Qxd5+ Nxd5 46.Nd2 Ne3 47.h3 c4 48.Nxc4 Nxg2 49.Kxg2 Kf7 50.Kf3 h5
51.g5 Ke6 52.Ke4 b3 53.h4 Kf7 54.Ke5 Ke7 55.Nb2 Kf7 56.Kd6 Kf8 57.Ke6 Kg7
58.Ke7  1-0

[Event "San Martin"]
[Site "San Martin"]
[Date "1993.??.??"]
[Round "8"]
[White "Sorokin, Maxim"]
[Black "Rodriguez, Andres"]
[Result "1-0"]
[WhiteElo "2515"]
[BlackElo "2405"]

1.d4 Nf6 2.c4 e6 3.g3 c5 4.d5 b5 5.dxe6 fxe6 6.Bg2 d5 7.cxd5 Bb7 8.e4 exd5
9.e5 Ne4 10.Nh3 c4 11.Nf4 Bb4+ 12.Bd2 Bxd2+ 13.Nxd2 O-O 14.Nxe4 dxe4 15.Qxd8 Rxd8
16.Ne6 Rc8 17.O-O-O Na6 18.Rd7 Bc6 19.Rxg7+ Kh8 20.Re7 Nb4 21.Nd4 c3 22.bxc3 Bd5
23.Nxb5 Nxa2+ 24.Kc2 Nb4+ 25.Kd1 Nd3 26.Nc7 Rxc7 27.Rxc7 Nxf2+ 28.Ke2 Nxh1
29.c4 Be6 30.Bxe4 Nxg3+ 31.hxg3 Rd8 32.Rxh7+ Kg8 33.Rxa7 Bxc4+ 34.Ke3 Be6
35.Re7 Bh3 36.Bf3 Kf8 37.Ra7 Rd7 38.Rxd7 Bxd7 39.Bd5 Ba4 40.Kf4 Kg7 41.Kf5 Bc2+
42.Ke6 Kg6 43.Kd6 Kf5 44.Be6+ Ke4 45.g4 Kf4 46.Bf5  1-0

[Event "Sitges op"]
[Site "Sitges"]
[Date "1993.??.??"]
[Round "6"]
[White "Salgado Allaria, Carlos"]
[Black "Spassov, Liuben"]
[Result "1/2-1/2"]
[WhiteElo "2225"]
[BlackElo "2435"]

1.d4 Nf6 2.c4 e6 3.g3 c5 4.Nf3 cxd4 5.Nxd4 Qc7 6.b3 Bb4+ 7.Bd2 Bc5 8.e3 O-O
9.Bg2 d5 10.cxd5 Nxd5 11.O-O Rd8 12.Nb5 Qe7 13.Qe2 e5 14.N1c3 Nxc3 15.Nxc3 Be6
16.Rfd1 Nc6 17.Be1 f5 18.Bd5 Bxd5 19.Nxd5 Qf7 20.Qc4 Bd6 21.Rac1 e4 22.Bc3 h6
23.Bb2 Kh8 24.Nb6 Qxc4 25.Nxc4 Bc7 26.Ba3 Rac8 27.Kg2 Kh7 28.Bd6 b5 29.Bxc7 Rxd1
30.Rxd1 bxc4 31.Bd6 c3 32.Rc1 Rd8 33.Bc5 Rd3 34.b4 Rd2 35.b5 Ne5 36.Rxc3 Rxa2
37.Ra3 Rxa3 38.Bxa3 Nd7 39.Bb2 g6 40.Bd4 Nb6 41.g4 fxg4 42.Kg3 g5 43.Kxg4 Kg6
44.f3 h5+ 45.Kg3 Kf5 46.h3 exf3 47.Kxf3 g4+ 48.hxg4+ hxg4+ 49.Kg3 Nc8 50.Bc5 Nb6
51.Bd4  1/2-1/2

[Event "St Petersburg op"]
[Site "St Petersburg"]
[Date "1993.??.??"]
[Round "?"]
[White "Zilberstein, Valery I"]
[Black "Gorbatow, Alexej"]
[Result "1/2-1/2"]
[WhiteElo "2270"]
[BlackElo "2450"]

1.d4 Nf6 2.c4 e6 3.g3 c5 4.Nf3 Qa5+ 5.Nbd2 Nc6 6.dxc5 Bxc5 7.e3 O-O 8.Bg2 b5
9.O-O bxc4 10.Nxc4 Qc7 11.Nd4 d5 12.Nxc6 Qxc6 13.Na5 Qa6 14.Bd2 Bb6 15.Nb3 Ne4
16.Bb4 Rd8 17.Qh5 Qa4 18.Ba3 Ba6 19.Rfc1 Rac8 20.Qh4 Bc4 21.Nd4 Bxa2 22.Bxe4 dxe4
23.Bc5 Qd7 24.Bxb6 Rxc1+ 25.Rxc1 axb6 26.Ra1 Bd5 27.Ra7 Qe8 28.Re7 Qf8 29.Kg2 h6
30.Ra7 Ra8 31.Rxa8 Qxa8 32.Qe7 Qb7 33.Qe8+ Kh7 34.b4 Qc7 35.b5 e5 36.Nf5 f6
37.Ne7 Qc4 38.Qg6+  1/2-1/2

[Event "Rilton Cup op9394"]
[Site "Stockholm"]
[Date "1993.??.??"]
[Round "8"]
[White "Henriksson, Jakob"]
[Black "Jepson, Christian"]
[Result "0-1"]
[WhiteElo "2170"]
[BlackElo "2295"]

1.d4 Nf6 2.c4 e6 3.g3 c5 4.Nf3 cxd4 5.Nxd4 d5 6.Bg2 e5 7.Nb3 d4 8.O-O Nc6
9.f4 e4 10.e3 Bg4 11.Qe1 Bf5 12.exd4 Nxd4 13.Qd1 Nxb3 14.Qxb3 Bc5+ 15.Be3 Bxe3+
16.Qxe3 Qc7 17.Nc3 Qxc4 18.Rac1 Ng4 19.Qe1 O-O 20.Nxe4 Qd4+ 21.Nf2 Ne3 22.Qa5 Nxf1
23.Rxf1 g6 24.h3 Qxb2 25.g4 Bd7 26.Qg5 Rae8 27.Qh4 Qb4 28.g5 Re1 29.Kh2 Rxf1
30.Ne4 Kh8 31.Qg3 Bf5 32.a3 Qd4 33.Bxf1 Bxe4  0-1

[Event "Rilton Cup op9394"]
[Site "Stockholm"]
[Date "1993.??.??"]
[Round "8"]
[White "Wessman, Richard"]
[Black "Andersson, Mats"]
[Result "0-1"]
[WhiteElo "2425"]
[BlackElo "2325"]

1.d4 Nf6 2.c4 e6 3.g3 c5 4.Nf3 cxd4 5.Nxd4 Bb4+ 6.Bd2 Be7 7.Bg2 Nc6 8.Nb3 O-O
9.O-O d6 10.e4 a6 11.Be3 Bd7 12.Nc3 Ne5 13.c5 Nc4 14.cxd6 Bxd6 15.Bg5 Be5
16.Qe2 Rc8 17.f4 Bxc3 18.bxc3 h6 19.Bh4 Qb6+ 20.Nd4 Na3 21.Kh1 Rxc3 22.Bxf6 gxf6
23.Qg4+ Kh7 24.Nf3 Nc2 25.Qh4 Nxa1 26.Qxf6 Rxf3 27.Bxf3 Nc2 28.g4 Qd4 29.Qe7 Qd3
30.Bg2 Kg8 31.g5 h5 32.Rg1 Ne3 33.g6 fxg6 34.Qg5 Be8 35.Qg3 Ng4 36.Bf3 Qd2
37.Bxg4 hxg4 38.Qxg4 Qxf4 39.Qxe6+ Kg7  0-1

[Event "Tel Aviv"]
[Site "Tel Aviv"]
[Date "1993.??.??"]
[Round "?"]
[White "Birnboim, Nathan"]
[Black "Davies, Nigel R"]
[Result "1-0"]
[WhiteElo "2395"]
[BlackElo "2470"]

1.d4 Nf6 2.c4 e6 3.g3 c5 4.Nf3 cxd4 5.Nxd4 Qa5+ 6.Nd2 Nc6 7.Nb3 Qc7 8.Bg2 Be7
9.O-O O-O 10.Nf3 d6 11.Bf4 Rd8 12.Rc1 e5 13.Bg5 d5 14.cxd5 Nxd5 15.Qc2 Ndb4
16.Qb1 f6 17.a3 Nd5 18.e4 Nb6 19.Be3 Be6 20.Na5 Rac8 21.b4 Qb8 22.Nxc6 bxc6
23.Nd2 Qb7 24.Rfd1 Qa6 25.Rc3 Na4 26.Rcc1 Nb6 27.Qa1 Qa4 28.Bf1 Kf8 29.Re1 Rc7
30.Qc3 Rdc8 31.Bc5 Bxc5 32.Qxc5+ Kf7 33.Rc3 Nd7 34.Qe3 a5 35.Nc4 Bxc4 36.Bxc4+ Kf8
37.Qd3 Nb6 38.Qd6+ Re7 39.Be6 Re8 40.Rxc6 Na8 41.Rec1  1-0

[Event "USA-ch (Women)"]
[Site "?"]
[Date "1993.??.??"]
[Round "?"]
[White "Burtman, Sharon"]
[Black "Levitina, Irina S"]
[Result "0-1"]
[WhiteElo "2055"]
[BlackElo "2415"]

1.d4 Nf6 2.c4 e6 3.g3 c5 4.d5 exd5 5.cxd5 b5 6.Bg2 d6 7.h4 Nbd7 8.Nh3 Be7
9.O-O O-O 10.Qd2 Nb6 11.Nf4 Bf5 12.Nc3 b4 13.Nd1 Be4 14.Ne3 Bxg2 15.Kxg2 Qd7
16.Qc2 a5 17.Rd1 a4 18.a3 Rfe8 19.b3 Bf8 20.axb4 axb3 21.Qb1 c4 22.Ra5 Ng4
23.Rd4 Ne5 24.Bb2 Rec8 25.Bc3 Rxa5 26.bxa5 Na4 27.Nd1 Qb5 28.Qa1 Nxc3 29.Nxc3 b2
30.Qa2 Qb3 31.Qxb3 cxb3 32.Nb1 Rc1 33.Ra4 Rxb1 34.a6 Ra1  0-1

[Event "Zuerich op"]
[Site "Zuerich"]
[Date "1993.??.??"]
[Round "?"]
[White "Fabbri, Mario"]
[Black "Tolnai, Tibor"]
[Result "0-1"]
[WhiteElo "2215"]
[BlackElo "2490"]

1.d4 Nf6 2.c4 e6 3.g3 c5 4.Nf3 cxd4 5.Nxd4 Bb4+ 6.Bd2 Qb6 7.Bg2 Bc5 8.Bc3 e5
9.Nf5 d6 10.e4 Bxf5 11.exf5 Bxf2+ 12.Kf1 Bc5 13.b4 Bd4 14.Bxd4 exd4 15.Na3 O-O
16.Nc2 Nc6 17.b5 Ne5 18.Qxd4 Rac8 19.Qxb6 axb6 20.Ne3 Nxc4 21.Nxc4 Rxc4 22.Bxb7 Rc2
23.Bc6 Ng4 24.h3 Ne3+ 25.Ke1 d5 26.a4 Rd8 27.Rg1 Rh2 28.Rb1 Nxf5  0-1

[Event "AUT-chT2S 9394"]
[Site "AUT"]
[Date "1994.??.??"]
[Round "?"]
[White "Kiss, Attila"]
[Black "Stajcic, Nikola"]
[Result "1-0"]
[WhiteElo "2345"]
[BlackElo "2350"]

1.d4 Nf6 2.c4 e6 3.g3 c5 4.Nf3 d5 5.cxd5 exd5 6.Bg2 Nc6 7.O-O Be7 8.Nc3 O-O
9.b3 Ne4 10.Bb2 Bf6 11.Na4 b6 12.Rc1 Ba6 13.dxc5 Bxb2 14.Nxb2 bxc5 15.Na4 Re8
16.Re1 Qa5 17.Qxd5 Nb4 18.Qh5 g6 19.Qh6 c4 20.Nc3 Nf6 21.bxc4 Bxc4 22.Ng5 Nbd5
23.Nxd5 Bxd5 24.e4 Rac8 25.e5 Rxc1 26.Rxc1 Ng4 27.Qxh7+ Kf8 28.Bxd5 Qxd5
29.e6 Ne5 30.exf7 Rd8 31.Qg8+  1-0